Организационнно-экономический механизм повышения качества жизни; Стандарты и качество; № 7

التفاصيل البيبلوغرافية
Parent link:Стандарты и качество: научно-технический журнал/ Российская Федерация, Государственный комитет по стандартизации и метрологии (Госстандарт России).— , 1980-.— 0038-9692
№ 7.— 2003.— С. 60-63
المؤلف الرئيسي: Фатхутдинов Р. Раис
اللغة:الروسية
منشور في: 2003
سلاسل:Качество: национальная программа
الموضوعات:
التنسيق: فصل الكتاب
KOHA link:https://koha.lib.tpu.ru/cgi-bin/koha/opac-detail.pl?biblionumber=459440

MARC

LEADER 00000naa2a2200000 4500
001 459440
005 20231101085139.0
035 |a (RuTPU)RU\TPU\prd\123224 
035 |a RU\TPU\prd\17870 
090 |a 459440 
100 |a 20111021a2003 k y0rusy50 ca 
101 0 |a rus 
102 |a RU 
200 1 |a Организационнно-экономический механизм повышения качества жизни  |f Р. Фатхутдинов 
225 1 |a Качество: национальная программа 
461 1 |0 (RuTPU)RU\TPU\prd\992  |x 0038-9692  |t Стандарты и качество  |o научно-технический журнал  |f Российская Федерация, Государственный комитет по стандартизации и метрологии (Госстандарт России)  |d 1980- 
463 1 |0 (RuTPU)RU\TPU\prd\123205  |t № 7  |v С. 60-63  |d 2003 
610 1 |a качество жизни 
610 1 |a уровень жизни 
610 1 |a государственные органы 
610 1 |a качество управления 
700 1 |a Фатхутдинов  |b Р.  |g Раис 
801 1 |a RU  |b 63413507  |c 20030929  |g PSBO 
801 2 |a RU  |b 63413507  |c 20111021  |g RCR 
942 |c BK